Recreational fisheries : Ecological, economic and social evaluation

Saved in:
Bibliographic Details
Format: Book
Language:Undetermined
Published: Oxford, UK Blackwell Science 2002
Subjects:
Tags: Add Tag
No Tags, Be the first to tag this record!
Institutions: Trung tâm Học liệu Trường Đại học Cần Thơ
LEADER 00545nam a2200193Ia 4500
001 CTU_67660
008 210402s9999 xx 000 0 und d
020 |b 111 
082 |a 333.956 
082 |b R294 
245 0 |a Recreational fisheries : 
245 0 |b Ecological, economic and social evaluation 
245 0 |c Edited by Tony J. Pitcher and Charles Hollingworth 
260 |a Oxford, UK 
260 |b Blackwell Science 
260 |c 2002 
650 |a Fisheries 
904 |i Minh 
980 |a Trung tâm Học liệu Trường Đại học Cần Thơ